000 00753nam a22002657a 4500
001 BR8304273
003 BR-BrBNA
005 20230928091725.0
007 ta
008 230509b bl.||||| |||| 00| 0 por d
040 _aBR-BrBNA
_bpor
_cBiblioteca Nacional de Agricultura
041 _a(Por)
072 _aL73
_b4150
_b/G514
090 _ 4150 BR8304273
110 1 _aAssociacao de Assistencia Tecnica e Extensao Rural do Territorio Federal do Amapa, Macapa (Brasil)
_9401
245 1 _aContra a aftosa, vacina e o certo [Amapa, Brasil]
260 3 _aMacapa, AP (Brasil):
_c1983.
300 _a8 p.
650 _aAFTOSA
650 _aVIRUS
650 _aVACINACAO
650 _aAMAPA
909 _a202309
_bLucia
_c55
_dLucia Elande
942 _cBK
999 _c35188
_d35188